000
00329nam a22001337a 4500
008
171226b xxu||||| |||| 00| 0 eng d
020
_a
9781435427563
041
_a
eng
080
_2
4TH
_a
615.83
100
_a
8
101
_a
EGZ
245
_a
HEALTH ASSESSMENT& PHYSICAL EXAMINATION
_c
ESTES,M.E.Z
942
_2
udc
_c
BK
999
_c
39367
_d
39367